Vāstuśāstra : (Record no. 132647)

MARC details
000 -LEADER
fixed length control field 00865nam a22002417a 4500
005 - DATE AND TIME OF LATEST TRANSACTION
control field 20170124110157.0
010 ## - LIBRARY OF CONGRESS CONTROL NUMBER
LC control number B-160685
020 ## - INTERNATIONAL STANDARD BOOK NUMBER
Terms of availability 00.00
International Standard Book Number 8124602468
035 ## - SYSTEM CONTROL NUMBER
System control number B-160685
037 ## - SOURCE OF ACQUISITION
Source of stock number/acquisition Cen Lib/Ret
040 ## - CATALOGING SOURCE
Original cataloging agency DPL
Language of cataloging EN
082 ## - DEWEY DECIMAL CLASSIFICATION NUMBER
Classification number 133.323
Item number ALT
100 ## - MAIN ENTRY--PERSONAL NAME
Personal name Altekar, Rahul Vishwas
9 (RLIN) 35364
245 ## - TITLE STATEMENT
Title Vāstuśāstra :
Statement of responsibility, etc by Rahul Vishwas Altekar
Remainder of title ancient Indian architecture and civil engineering , retrospects and prospects /
260 ## - PUBLICATION, DISTRIBUTION, ETC. (IMPRINT)
Place of publication, distribution, etc New Delhi
Name of publisher, distributor, etc D.K.Printworld
Date of publication, distribution, etc 2004
270 ## - ADDRESS
Address 'Sri Kunj', F-52, Bali Nagar
City New Delhi
Postal code 110015
300 ## - PHYSICAL DESCRIPTION
Extent xiv, 296p.
Dimensions 19cm(Hb)
490 ## - SERIES STATEMENT
Series statement Rediscovering Indian literary classics
Volume number/sequential designation no. 12
500 ## - GENERAL NOTE
General note Includes bibliographical references and index
650 ## - SUBJECT ADDED ENTRY--TOPICAL TERM
Topical term or geographic name as entry element Astrology and architecture
9 (RLIN) 35365
650 ## - SUBJECT ADDED ENTRY--TOPICAL TERM
Topical term or geographic name as entry element Hindu architecture
9 (RLIN) 100682
942 ## - ADDED ENTRY ELEMENTS (KOHA)
Source of classification or shelving scheme Dewey Decimal Classification
Koha item type English Books
Classification part 133.323
Call number suffix ALT
Holdings
Withdrawn status Lost status Damaged status Not for loan Home library Current library Date acquired Source of acquisition Cost, normal purchase price Total Checkouts Total Renewals Full call number Barcode Date last seen Date checked out Copy number Cost, replacement price Price effective from Koha item type
        Central Library Central Library 23/07/2015 Cen Lib/Ret 0.00 3 1 133.323 ALT B-160685 20/11/2017 23/10/2017 1 0.00 23/07/2015 English Books

© Delhi Public Library
Hit Counter
free hit counter